Podvody v oblasti DPH a spôsoby ich obmedzenia diplomová práca

Saved in:
Bibliographic Details
Main Author: Hrabovecký, Martin
Corporate Author: Národohospodárska fakulta EU. Katedra financií
Other Authors: Rabatinová, Marcela, 1977-
Format: Book
Language:Slovak
Published: Bratislava 2025
Tags: Add Tag
No Tags, Be the first to tag this record!

MARC

LEADER 00000nbm a2200000 4500
001 0309173
005 20251016123832.0
041 0 |a slo 
044 |a SK 
245 1 0 |a Podvody v oblasti DPH a spôsoby ich obmedzenia  |b diplomová práca  |c Martin Hrabovecký ; školiteľ: Marcela Rabatinová 
264 1 |a Bratislava  |c 2025 
300 |a 86 s. 
100 1 |a Hrabovecký, Martin 
700 1 |a Rabatinová, Marcela, 1977- 
710 2 |a Národohospodárska fakulta EU. Katedra financií